Don't Eat Poison! - Sudden Death - Statistics

General Stats
  • This quiz has been taken 10,636 times
  • The average score is 7 of 14
Answers on the Grid
Answers color-coded by a green-red scale on the quiz's grid according to % correct below.
Acetic Acid
Ammonia
Arsenic
Bleach
Cadmium
Calcium Carbonate
Charcoal
Cyanide
Dandelions
Eggshells
Ethylene Glycol
Gold Flakes
Grass
Guano
Hemlock
Lemon Rind
Paper
Rhubarb Leaves
Sawdust
Sodium Chloride
Squid Ink
Strychnine
Thallium
Wood Ear Mushroom
 
Answer Stats
Answer % Correct
Grass
80%
Paper
77%
Eggshells
72%
Dandelions
64%
Lemon Rind
62%
Gold Flakes
58%
Charcoal
57%
Squid Ink
51%
Sawdust
48%
Antacid Calcium Carbonate
46%
Vinegar Acetic Acid
42%
Salt Sodium Chloride
41%
Wood Ear Mushroom
27%
Guano
21%
No matching quizzes found
Score Distribution
Percent of People with Each Score
Percentile by Number Answered
Your Score History
You have not taken this quiz